000 00723nam a2200289Ia 4500
005 20260324112603.0
008 008 260324s9999 xx 000 0 eng d
020 _a9781003451709
037 _aEBOOK
040 _aCRL
040 _beng
040 _cCRL
041 _2eng
041 _aeng
084 _qCRL
100 _aMarlene S. Neill
_91143323
245 0 _aLeadership Development in Public Relations
245 0 _bExploring Crucibles of Experience Among Industry Veterans
260 _bTaylor and Francis
260 _c2024
365 _a
365 _b82.99
856 _uhttp://www.taylorfrancis.com/books/9781003451709
942 _cEBOOK
999 _c1732581
_d1732581